Histoire critique de l'ultragauche : (Record no. 49713)

MARC details
000 -LEADER
campo de control de longitud fija 02366cam a22003737a 4500
003 - IDENTIFICADOR DE NÚMERO DE CONTROL
campo de control BJBSDDR
005 - FECHA Y HORA DE LA ÚLTIMA TRANSACCIÓN
campo de control 20230410115858.0
007 - CAMPO FIJO DE DESCRIPCIÓN FÍSICA--INFORMACIÓN GENERAL
campo de control de longitud fija ta
008 - DATOS DE LONGITUD FIJA--INFORMACIÓN GENERAL
campo de control de longitud fija 090708s2009 fr a b 000 0 fre d
020 ## - NÚMERO INTERNACIONAL ESTÁNDAR DEL LIBRO
Número Internacional Estándar del Libro 9782951646094
020 ## - NÚMERO INTERNACIONAL ESTÁNDAR DEL LIBRO
Número Internacional Estándar del Libro 2951646097
035 ## - NÚMERO DE CONTROL DEL SISTEMA
Número de control de sistema 15846473
035 ## - NÚMERO DE CONTROL DEL SISTEMA
Número de control de sistema (OCoLC)ocn428647514
040 ## - FUENTE DE CATALOGACIÓN
Centro catalogador/agencia de origen TZT
Centro/agencia transcriptor TZT
Lengua de catalogación spa
041 ## - CÓDIGO DE IDIOMA
Código de lengua del texto/banda sonora o título independiente spa
042 ## - CÓDIGO DE AUTENTICACIÓN
Código de autenticación lccopycat
050 14 - SIGNATURA TOPOGRÁFICA DE LA BIBLIOTECA DEL CONGRESO
Número de clasificación HN 380
Número de ítem H673 2009
072 #7 - CÓDIGO DE CATEGORÍA DE MATERIA
Código de categoría de materia HX
Fuente lcco
082 00 - NÚMERO DE LA CLASIFICACIÓN DECIMAL DEWEY
Número de clasificación 320.53094
245 00 - MENCIÓN DEL TÍTULO
Título Histoire critique de l'ultragauche :
Resto del título trajectoire d'une balle dans le pied /
Mención de responsabilidad, etc. transcription des exposés de Roland Simon ; textes établis et annotés par les Chemins non tracés.
260 ## - PUBLICACIÓN, DISTRIBUCIÓN, ETC.
Lugar de publicación, distribución, etc. Marseille :
Nombre del editor, distribuidor, etc. Senonevero,
Fecha de publicación, distribución, etc. 2009.
300 ## - DESCRIPCIÓN FÍSICA
Extensión 338 p. :
Otras características físicas ill. ;
Dimensiones 22 cm.
504 ## - NOTA DE BIBLIOGRAFÍA, ETC.
Nota de bibliografía, etc. Includes bibliographical references.
520 ## - RESUMEN, ETC.
Sumario, etc. Ici un territoire se dessine, des critiques de gauche de la social-démocratie à l'Internationale situationniste en passant par la Gauche permano-hollandaise ; la Gauche dite italienne et les multiples groupes et publications qui en sont issus ; Socialisme ou Barbarie et sa descendance ; le communisme libertaire avec Noir et Rouge. Territoire théorique pour une histoire qui ne serait ps générale, mais critique. La révolution et le communisme, pour l'ultragauche, étaient la libération du travail et l'affirmation du prolétariat, comme classe dominante, mais toutes les médiations rationnelles et pratiques conduisant à ca but sont critiquées et supprimées : syndicats, partis de masse, parlementarisme, critique même de l'intervention dans la lutte de classe. Tout y est suspendu à une mystique de l'autonomie (comme contenu de la révolution)/auto-organisation (comme forme) ou du Parti, qui doit être la révélation de l'être véritablement révolutionnaire du prolétariat, faisant exploser son existence de classe. En ce sens, son itinéraire peut être décrit comme trajectoire d'une balle dans le pied.
650 #0 - PUNTO DE ACCESO ADICIONAL DE MATERIA--TÉRMINO DE MATERIA
Término de materia o nombre geográfico como elemento de entrada Left-wing extremists
Subdivisión geográfica Europe
Subdivisión general History
Subdivisión cronológica 20th century.
650 #4 - PUNTO DE ACCESO ADICIONAL DE MATERIA--TÉRMINO DE MATERIA
Término de materia o nombre geográfico como elemento de entrada Pobreza
Subdivisión geográfica Europa
Subdivisión general Historia
Subdivisión cronológica Siglo XX
9 (RLIN) 269
650 #4 - PUNTO DE ACCESO ADICIONAL DE MATERIA--TÉRMINO DE MATERIA
Término de materia o nombre geográfico como elemento de entrada Radicalismo
Subdivisión geográfica Europa
Subdivisión general Historia
Subdivisión cronológica Siglo XX
9 (RLIN) 3004
650 #0 - PUNTO DE ACCESO ADICIONAL DE MATERIA--TÉRMINO DE MATERIA
Término de materia o nombre geográfico como elemento de entrada Radicalism
Subdivisión geográfica Europe
Subdivisión general History
Subdivisión cronológica 20th century
653 ## - TÉRMINO DE INDIZACIÓN--NO CONTROLADO
Término no controlado History of Extreme Left
-- 20th Century
700 1# - ENTRADA AGREGADA--NOMBRE PERSONAL
Nombre de persona Simon, Roland,
Fechas asociadas al nombre 1950-
9 (RLIN) 23125
710 2# - ENTRADA AGREGADA--NOMBRE DE ENTIDAD CORPORATIVA
Nombre de entidad corporativa o nombre de jurisdicción como elemento de entrada Chemins non tracés.
942 ## - ELEMENTOS DE ENTRADA SECUNDARIOS (KOHA)
Fuente del sistema de clasificación o colocación Clasificación de Library of Congress
Tipo de ítem Koha Libro
946 ## - PROCESAMIENTO DE INFORMACIÓN LOCAL (OCLC)
a PP
Holdings
Estatus retirado Estado de pérdida Estado de daño No para préstamo Colección Biblioteca de origen Biblioteca actual Ubicación en estantería Fecha de adquisición Signatura topográfica completa Código de barras Visto por última vez Copia número Tipo de ítem Koha
        Ciencias Sociales Biblioteca Juan Bosch Biblioteca Juan Bosch Ciencias Sociales (3er. Piso) 10/04/2023 HN 380 H673 2009 00000099829 24/10/2018 1 Libro